<?xml version="1.0" encoding="UTF-8"?>
<marc:record xmlns:marc="http://www.loc.gov/MARC21/slim" type="Bibliographic">
   <marc:leader>00000nam a2200000 c 4500</marc:leader>
   <marc:controlfield tag="001">850047234</marc:controlfield>
   <marc:controlfield tag="003">DE-101</marc:controlfield>
   <marc:controlfield tag="005">20180404144843.0</marc:controlfield>
   <marc:controlfield tag="007">tu</marc:controlfield>
   <marc:controlfield tag="008">841217s1984    au ||||| |||| 00||||ger  </marc:controlfield>
   <marc:datafield ind1=" " ind2=" " tag="015">
      <marc:subfield code="a">85,A02,1092</marc:subfield>
      <marc:subfield code="2">dnb</marc:subfield>
   </marc:datafield>
   <marc:datafield ind1="7" ind2=" " tag="016">
      <marc:subfield code="2">DE-101</marc:subfield>
      <marc:subfield code="a">850047234</marc:subfield>
   </marc:datafield>
   <marc:datafield ind1=" " ind2=" " tag="020">
      <marc:subfield code="a">9783701621859</marc:subfield>
      <marc:subfield code="c">Pp. (Pr. nicht mitget.)</marc:subfield>
      <marc:subfield code="9">978-3-7016-2185-9</marc:subfield>
   </marc:datafield>
   <marc:datafield ind1=" " ind2=" " tag="020">
      <marc:subfield code="a">3701621853</marc:subfield>
      <marc:subfield code="c">Pp. (Pr. nicht mitget.)</marc:subfield>
      <marc:subfield code="9">3-7016-2185-3</marc:subfield>
   </marc:datafield>
   <marc:datafield ind1="8" ind2=" " tag="024">
      <marc:subfield code="a">sw077814</marc:subfield>
   </marc:datafield>
   <marc:datafield ind1=" " ind2=" " tag="035">
      <marc:subfield code="a">(DE-599)DNB850047234</marc:subfield>
   </marc:datafield>
   <marc:datafield ind1=" " ind2=" " tag="035">
      <marc:subfield code="a">(OCoLC)74661667</marc:subfield>
   </marc:datafield>
   <marc:datafield ind1=" " ind2=" " tag="040">
      <marc:subfield code="a">1200</marc:subfield>
      <marc:subfield code="b">ger</marc:subfield>
      <marc:subfield code="c">DE-101</marc:subfield>
      <marc:subfield code="d">1170</marc:subfield>
   </marc:datafield>
   <marc:datafield ind1=" " ind2=" " tag="041">
      <marc:subfield code="a">ger</marc:subfield>
   </marc:datafield>
   <marc:datafield ind1=" " ind2=" " tag="044">
      <marc:subfield code="c">XA-AT</marc:subfield>
   </marc:datafield>
   <marc:datafield ind1=" " ind2=" " tag="084">
      <marc:subfield code="a">61</marc:subfield>
      <marc:subfield code="a">900</marc:subfield>
      <marc:subfield code="a">910</marc:subfield>
      <marc:subfield code="a">914.3</marc:subfield>
      <marc:subfield code="q">DE-101</marc:subfield>
      <marc:subfield code="2">sdnb</marc:subfield>
   </marc:datafield>
   <marc:datafield ind1="1" ind2=" " tag="100">
      <marc:subfield code="0">(DE-588)116528729</marc:subfield>
      <marc:subfield code="0">https://d-nb.info/gnd/116528729</marc:subfield>
      <marc:subfield code="0">(DE-101)116528729</marc:subfield>
      <marc:subfield code="a">Fink, Humbert</marc:subfield>
      <marc:subfield code="d">1933-1992</marc:subfield>
      <marc:subfield code="e">Verfasser</marc:subfield>
      <marc:subfield code="4">aut</marc:subfield>
      <marc:subfield code="2">gnd</marc:subfield>
   </marc:datafield>
   <marc:datafield ind1="1" ind2="0" tag="245">
      <marc:subfield code="a">Impressionen aus Österreich</marc:subfield>
      <marc:subfield code="c">einl. Essay vom Humbert Fink. Fotos von Hella Pflanzer. Zeichn. von Reiner Schiestl. Gestaltet von Jochen Pabst</marc:subfield>
   </marc:datafield>
   <marc:datafield ind1=" " ind2="1" tag="264">
      <marc:subfield code="a">Innsbruck</marc:subfield>
      <marc:subfield code="b">Pinguin-Verlag</marc:subfield>
      <marc:subfield code="c">1984</marc:subfield>
   </marc:datafield>
   <marc:datafield ind1=" " ind2=" " tag="300">
      <marc:subfield code="a">123 S.</marc:subfield>
      <marc:subfield code="b">überwiegend Ill. (z.T. farb.), 1 Kt.</marc:subfield>
      <marc:subfield code="c">23 x 27 cm</marc:subfield>
   </marc:datafield>
   <marc:datafield ind1=" " ind2=" " tag="336">
      <marc:subfield code="a">unbewegtes Bild</marc:subfield>
      <marc:subfield code="b">sti</marc:subfield>
      <marc:subfield code="2">rdacontent</marc:subfield>
   </marc:datafield>
   <marc:datafield ind1=" " ind2=" " tag="337">
      <marc:subfield code="a">ohne Hilfsmittel zu benutzen</marc:subfield>
      <marc:subfield code="b">n</marc:subfield>
      <marc:subfield code="2">rdamedia</marc:subfield>
   </marc:datafield>
   <marc:datafield ind1=" " ind2=" " tag="338">
      <marc:subfield code="a">Band</marc:subfield>
      <marc:subfield code="b">nc</marc:subfield>
      <marc:subfield code="2">rdacarrier</marc:subfield>
   </marc:datafield>
   <marc:datafield ind1=" " ind2=" " tag="500">
      <marc:subfield code="a">Drucker: Carl Ueberreuter, Wien. - Farbfotogr.: Hella Pflanzer. - Zeichngn: Reiner Schiestl. - Gestaltg: Jochen Pabst</marc:subfield>
   </marc:datafield>
   <marc:datafield ind1=" " ind2="7" tag="650">
      <marc:subfield code="a">Österreich</marc:subfield>
      <marc:subfield code="x">Bildbände</marc:subfield>
      <marc:subfield code="2">local</marc:subfield>
   </marc:datafield>
   <marc:datafield ind1=" " ind2="7" tag="651">
      <marc:subfield code="a">Österreich</marc:subfield>
      <marc:subfield code="2">local</marc:subfield>
   </marc:datafield>
   <marc:datafield ind1=" " ind2="7" tag="655">
      <marc:subfield code="0">(DE-588)4145395-5</marc:subfield>
      <marc:subfield code="0">https://d-nb.info/gnd/4145395-5</marc:subfield>
      <marc:subfield code="0">(DE-101)041453956</marc:subfield>
      <marc:subfield code="a">Bildband</marc:subfield>
      <marc:subfield code="2">gnd-content</marc:subfield>
   </marc:datafield>
   <marc:datafield ind1="1" ind2=" " tag="700">
      <marc:subfield code="0">(DE-588)110296869</marc:subfield>
      <marc:subfield code="0">https://d-nb.info/gnd/110296869</marc:subfield>
      <marc:subfield code="0">(DE-101)110296869</marc:subfield>
      <marc:subfield code="a">Pflanzer, Hella</marc:subfield>
      <marc:subfield code="e">Verfasser</marc:subfield>
      <marc:subfield code="4">aut</marc:subfield>
      <marc:subfield code="e">Illustrator</marc:subfield>
      <marc:subfield code="4">ill</marc:subfield>
      <marc:subfield code="2">gnd</marc:subfield>
   </marc:datafield>
   <marc:datafield ind1="1" ind2=" " tag="700">
      <marc:subfield code="0">(DE-588)110542215</marc:subfield>
      <marc:subfield code="0">https://d-nb.info/gnd/110542215</marc:subfield>
      <marc:subfield code="0">(DE-101)110542215</marc:subfield>
      <marc:subfield code="a">Schiestl, Reiner</marc:subfield>
      <marc:subfield code="e">Verfasser</marc:subfield>
      <marc:subfield code="4">aut</marc:subfield>
      <marc:subfield code="e">Illustrator</marc:subfield>
      <marc:subfield code="4">ill</marc:subfield>
      <marc:subfield code="2">gnd</marc:subfield>
   </marc:datafield>
   <marc:datafield ind1="1" ind2=" " tag="700">
      <marc:subfield code="0">(DE-588)11353177X</marc:subfield>
      <marc:subfield code="0">https://d-nb.info/gnd/11353177X</marc:subfield>
      <marc:subfield code="0">(DE-101)11353177X</marc:subfield>
      <marc:subfield code="a">Pabst, Jochen</marc:subfield>
      <marc:subfield code="e">Buchgestalter</marc:subfield>
      <marc:subfield code="4">bkd</marc:subfield>
      <marc:subfield code="2">gnd</marc:subfield>
   </marc:datafield>
   <marc:datafield ind1="2" ind2=" " tag="710">
      <marc:subfield code="a">Carl Ueberreuter, Wien</marc:subfield>
      <marc:subfield code="e">Drucker</marc:subfield>
      <marc:subfield code="4">prt</marc:subfield>
   </marc:datafield>
   <marc:datafield ind1=" " ind2=" " tag="850">
      <marc:subfield code="a">DE-101a</marc:subfield>
      <marc:subfield code="a">DE-101b</marc:subfield>
   </marc:datafield>
</marc:record>
